| 000 | 02079nam0a2200361 4500 | ||
|---|---|---|---|
| 001 | RU\NLR\bibl\1793242 | ||
| 005 | 20260406135305.0 | ||
| 010 |
_a978-5-389-02441-0 _95000 |
||
| 021 |
_aRU _b2011-50296 _93588 |
||
| 035 | _a(NLR Aleph) 001783932 | ||
| 090 |
_a1715090 _c1715090 |
||
| 100 | _a20110801d2011 |||y0rusy50 ca | ||
| 101 | 1 |
_arus _cger |
|
| 102 |
_aRU _aUA |
||
| 105 | _ay ||||||||| | ||
| 200 | 1 |
_aПсихоанализ детских страхов _fЗигмунд Фрейд _g[пер. с нем. О. Фельцмана, М. Вульфа] |
|
| 210 |
_aСанкт-Петербург [и др.] _cАзбука [и др.] _d2011 |
||
| 215 |
_a285, [2] с. _d18 |
||
| 300 | _aНа обороте тит. л. в аннот. авт.: психолог и психиатр Зигмунд Фрейд | ||
| 320 | _aДр. работы авт. в тексте аннот. | ||
| 327 | 1 | _aСодерж.: Анализ фобии пятилетнего мальчика: психоанализ детского страха; Из истории одного детского невроза; Из истории детской души: два случая детской лжи | |
| 464 | 0 |
_12001#$aАнализ фобии пятилетнего мальчика$eпсихоанализ детского страха _tАнализ фобии пятилетнего мальчика |
|
| 464 | 0 |
_12001#$aИз истории одного детского невроза _tИз истории одного детского невроза |
|
| 464 | 0 |
_12001#$aИз истории детской души$eдва случая детской лжи _tИз истории детской души |
|
| 606 | 1 |
_aНеврозы детей _xПсихоанализ _92131305 _3RU\NLR\auth\661285761 |
|
| 686 | _aЮ91(4А)6-736.1 | ||
| 686 | _aЮ948.43-953.6-734 | ||
| 700 | 1 |
_4070 _8rus _7ca _aФрейд _bЗ. _f1856-1939 _gЗигмунд _3RU\NLR\auth\772621 _9112631 |
|
| 801 | 0 |
_aRU _bNLR _c20110801 _gRCR |
|
| 801 | 1 |
_aRU _bNLR _c20110801 |
|
| 942 | _cBOOK | ||
| 980 | _aNB | ||